| 000 | 00579nam a2200169 i 4500 | ||
|---|---|---|---|
| 001 | 83368 | ||
| 003 | ES-MaACL | ||
| 005 | 20230906174821.0 | ||
| 007 | t| | ||
| 008 | 041116s1981 sp ||||1| spa d | ||
| 245 | 0 | 0 |
_aSalarios _b: resultados correspondientes al período marzo, abril y mayo, 1981 / _cInstituto Nacional de Estadística. |
| 260 |
_aMadrid : _b[s.n.], _c1981. |
||
| 300 |
_aX, 34 p. ; _c30 cm. |
||
| 650 | 4 |
_aSalarios- _zEspaña- _vEstadísticas. _9151363 |
|
| 710 | 2 |
_aInstituto Nacional de Estadística (España) _95162 |
|
| 852 |
_aES-MaACL _j2124-F-12 _bR.102382 |
||
| 999 |
_c83368 _d83368 |
||